000
00265nam a2200109Ia 4500
008
190919s9999||||xx |||||||||||||| ||und||
100
_a
S. Irtiza Husain
245
4
_a
The Path of the Imams (A.S.)
260
_a
Canada
_b
Pearson
_c
2002
300
_a
110
942
_c
BK
999
_c
11595
_d
11595